| 000 | 01696cam a2200349 a 4500 | ||
|---|---|---|---|
| 001 | 12702288 | ||
| 005 | 20220720134559.0 | ||
| 008 | 020313s2003 enk b 001 0 eng | ||
| 010 | _a 2002023351 | ||
| 020 | _a0521818524 (hb) | ||
| 040 |
_aDLC _cDLC _dDLC |
||
| 042 | _apcc | ||
| 050 | 0 | 0 |
_aKZ7070 _b.D64 2003 |
| 082 | 0 | 0 |
_a341.69 _bDOR |
| 100 | 1 |
_aDörmann, Knut. _994078 |
|
| 245 | 1 | 0 |
_aElements of war crimes under the Rome Statute of the International Criminal Court : _bsources and commentary / _cKnut Dörmann ; with contributions by Louise Doswald-Beck and Robert Kolb. |
| 260 |
_aCambridge ; _aNew York : _bCambridge University Press, _c2008. |
||
| 300 |
_alx, 524 p. ; _c24 cm. |
||
| 504 | _aIncludes bibliographical references (p. 499-503) and index. | ||
| 630 | 0 | 0 |
_aRome Statute of the International Criminal Court _d(1998 July 17) _994079 |
| 650 | 0 |
_aWar crimes. _994080 |
|
| 650 | 0 |
_aInternational criminal courts. _989730 |
|
| 700 | 1 |
_aDoswald-Beck, Louise. _994081 |
|
| 700 | 1 |
_aKolb, Robert. _994082 |
|
| 856 | 4 | 1 |
_3Sample text _uhttp://www.loc.gov/catdir/samples/cam033/2002023351.html |
| 856 | 4 | 2 |
_3Publisher description _uhttp://www.loc.gov/catdir/description/cam022/2002023351.html |
| 856 | 4 | 1 |
_3Table of contents _uhttp://www.loc.gov/catdir/toc/cam021/2002023351.html |
| 856 | 4 | 2 |
_3Contributor biographical information _uhttp://www.loc.gov/catdir/enhancements/fy0731/2002023351-b.html |
| 906 |
_a7 _bcbc _corignew _d1 _eocip _f20 _gy-gencatlg |
||
| 942 |
_2ddc _cBK |
||
| 999 |
_c590401 _d590401 |
||